000 00693nam a2200205 4500
001 144259
003 ES-MaACL
005 20230906200957.0
007 t|
008 070214s1947 ag r ||||1| spa d
080 _a575/77(09)
100 1 _aSinger, Charles.
_9106622
245 1 0 _aHistoria de la biología /
_cCharles Singer ; traducción del inglés por Máximo Valentinuzzi.
250 _a1ª ed., especialmente autorizada.
260 _aBuenos Aires :
_bEspasa-Calpe Argentina,
_c1947 (
_fLinari & Cia.)
300 _a549 p., 1 lám. :
_bil. ;
_c22 cm.
650 0 4 _aBiología-
_xHistoria.
_910586
700 1 _aValentinuzzi, Máximo.
_9112620
852 _aES-MaACL
_jF-5215
_bR.26944
999 _c144259
_d144259